Uno [juego] : agua /

Guardado en:
Formato: Objeto Físico
Publicado: China (republic : 1949-, c2004.
Materias:
Etiquetas: Agregar Etiqueta
Sin Etiquetas, Sea el primero en etiquetar este registro!
LEADER 00689nrm a22001575g 4500
001 CEM.cems019269
008 130507s2004##################0###0#####d
005 20220830104556.0
003 CEMS
245 0 0 |a Uno [juego] :  |b agua /  |c Mattel 
260 |a China (republic :  |b  1949-,  |c c2004. 
300 |a 1 juego (110 naipes especiales en plástico) ; en recipiente plástico + instrucciones. 
500 |a Para 2 a 10 jugadores a partir de 7 años objetivo: ser el primer jugador o equipo en sumar 500 puntos.los puntos se acumulan siendo el primero en deshacerse de todas las cartas en su mano. 
082 0 4 |a J795.4 
653 |a 1. juegos de cartas 
859 |a CEMS  |b BIB. CEMS - Ludoteca  |h J795.4  |i M429  |p 377.11  |t Ej.1